00405nam a2200157Ia 4500001000500000005001700005008004100022041000800063082002100071100005100092245005100143260000900194300002800203650000800231654000800239413620260306145733.0260306t2008||||xx |||||||||||||| ||spa|| aESP a306.85bR75 T. 2 aRodríguez Canales, José Manuel, 1965-eAUT 0aFamilia hoy:bvida espiritual en el matrimonio c2008 a137 páginas :c22 cm. aGEN aCED